| 000 | 01021cam a2200301 i 4500 | ||
|---|---|---|---|
| 999 |
_c46851 _d46851 |
||
| 001 | 20500 | ||
| 003 | CO-MdFUSB | ||
| 005 | 20180622073205.0 | ||
| 008 | 160822t2005 xxu||||| |||| 00| 0 eng d | ||
| 020 | _a1-932792-43-0 | ||
| 040 |
_cCO-MdFUSB _dCO-MdFUSB _bEspañol _erda _aCO-MdFUSB |
||
| 041 | _aeng | ||
| 082 |
_224 _a226.5066 _bK99v |
||
| 100 | 1 |
_aKysar, Robert _eautor |
|
| 245 | 1 | 0 |
_aVoyages with John _b: Charting the fourth gospel _c / Robert Kysar |
| 264 | 4 |
_aWaco, Texas : _bBaylor University Press, _c©2005 |
|
| 300 | _a339 páginas | ||
| 336 |
_2rdacontent _atexto _btxt |
||
| 337 |
_2rdamedia _asin mediación _bn |
||
| 338 |
_2rdacarrier _avolumen _bnc |
||
| 500 | _aIncluye índices (p. 327-339) | ||
| 501 | _aRústico | ||
| 505 | 0 | 0 | _aEl evangelio de Juan - La crítica histórica - La crítica teológica - La crítica literaria - La crítica posmoderna. |
| 630 | 0 | 7 |
_aBiblia. _pEvangelios |
| 630 | 7 |
_aBiblia. _vJuan _xCrítica, interpretación, etc. |
|
| 942 | _cBK | ||